000 01234nam1a22003011 4500
001 rc\2933959
005 20250831000521.0
035 _a(NLR Aleph) 007083194
090 _a88831
_c88831
100 _a20110821d1943 u y0rusy50 ca
101 0 _arus
102 _aRU
105 _ay z |||||
200 1 _aИз героического прошлого нашего отечества
_eКнига для чтения для учащихся старших классов средней школы. Ч. 1-
_fА.К. Казанская, Н.И. Кудряшов, И.И. Мерзон ... [и др.]
_gПод ред. проф. В.А. Десницкого
210 _aМосква
_cУчпедгиз
_d1943
215 _d22 см
700 1 _aКазанская
_bА.К.
701 1 _aКудряшов
_bН.И.
701 1 _aМерзон
_bИ.И.
702 1 _aДесницкий
_bВ.А.
_4340
801 0 _aRU
_bNLR
_gpsbo
801 1 _aRU
_bELAR
_2rusmarc
852 _aNLR
_jЛ20 Г-5/37
942 _cBOOK
945 _aРоссийская национальная библиотека
_aЦентральная городская библиотека Нижнего Новгорода
980 _aBV
980 _aNB